South Eastern Kenya University

Library Online Public Access Catalogue


Accounting principles / (Record no. 10847)

MARC details
000 -LEADER
fixed length control field 00525pam a2200181 a 4500
020 ## - ISBN
International Standard Book Number 0471570648 (acidfree paper)
050 00 - LIBRARY OF CONGRESS CALL NUMBER
Classification Number HF5635
Item Number .W52 1993
100 1# - MAIN ENTRY--Author
Personal name Weygandt, Jerry J.
245 10 - TITLE
Title Accounting principles /
Statement of responsibility, etc Jerry J. Weygandt, Donald E. Kieso, Walter G. Kell.
250 ## - EDITIONSTATEMENT
Edition statement 3rd ed.
260 ## - PUBLICATION, DISTRIBUTION, ETC.(IMPRINT)
Place of publication, distribution, etc New York :
Name of publisher, distributor, etc Wiley,
Date of publication, distribution, etc c1993.
300 ## - PHYSICAL DESCRIPTION
Extent 1 v. (various pagings) :
500 ## - GENERALNOTE
General note Includes indexes.
650 ## - SUBJECT--TOPIC
General subdivision Accounting.
700 1# - ADDED ENTRY--PERSONAL AUTHOR
Personal Name Kieso, Donald E.
700 1# - ADDED ENTRY--PERSONAL AUTHOR
Personal Name Kell, Walter Gerry,
942 ## - ADDED ENTRY ELEMENTS(KOHA)
Source of classification or shelving scheme Library of Congress Classification
Koha item type General circulation
Holdings
Source of classification or shelving scheme Not for loan Location (home branch) Sublocation (holding branch) Shelving location Date accessioned Cost, normal purchase price Full call number Barcode Cost, replacement price Nonpublic note Koha item type Public note
Library of Congress Classification   Mtito Andei Centre Library Mtito Andei Centre Library   11/02/2016 1900.00 HF5635 .W52 1993 2015/009017 2090.00 Nzk General circulation Nzk
Kitui, Kenya.
+254736116989
library@seku.ac.ke